Appropriate ADR - identifying features of construction disputes which affect their suitability for submission to ADR (Record no. 63695)

MARC details
000 -LEADER
fixed length control field 01030cam a2200253 4500
001 - CONTROL NUMBER
control field ABS62319
008 - FIXED-LENGTH DATA ELEMENTS--GENERAL INFORMATION
fixed length control field 000000n2000 000 0 eng u
035 ## - SYSTEM CONTROL NUMBER
System control number (Sirsi) u106346
100 ## - MAIN ENTRY--PERSONAL NAME
Personal name Brooker, P.
245 ## - TITLE STATEMENT
Title Appropriate ADR - identifying features of construction disputes which affect their suitability for submission to ADR
260 ## - PUBLICATION, DISTRIBUTION, ETC.
Date of publication, distribution, etc. 2000
490 ## - SERIES STATEMENT
Series statement International Construction Law Review
Volume/sequential designation 17(2) April 2000, 276-299(23)
520 ## - SUMMARY, ETC.
Summary, etc. Analyses the findings of empirical investigations into the use of ADR in the US construction industry drawing comparisons with data from a survey of the attitudes which exist concerning the appropriateness of ADR in the UK construction industry. (from journal abstract)
590 ## - LOCAL NOTE (RLIN)
Local note ABS
650 ## - SUBJECT ADDED ENTRY--TOPICAL TERM
Topical term or geographic name entry element ALTERNATIVE DISPUTE RESOLUTION
650 ## - SUBJECT ADDED ENTRY--TOPICAL TERM
Topical term or geographic name entry element ATTITUDES
650 ## - SUBJECT ADDED ENTRY--TOPICAL TERM
Topical term or geographic name entry element UNITED STATES
650 ## - SUBJECT ADDED ENTRY--TOPICAL TERM
Topical term or geographic name entry element UNITED KINGDOM
650 ## - SUBJECT ADDED ENTRY--TOPICAL TERM
Topical term or geographic name entry element CONSTRUCTION INDUSTRY
650 ## - SUBJECT ADDED ENTRY--TOPICAL TERM
Topical term or geographic name entry element CONSTRUCTION DISPUTES
690 ## - LOCAL SUBJECT ADDED ENTRY--TOPICAL TERM (OCLC, RLIN)
Topical term or geographic name as entry element DISPUTE RESOLUTION
9 (RLIN) 6236
700 ## - ADDED ENTRY--PERSONAL NAME
Personal name Lavers, A.
942 ## - ADDED ENTRY ELEMENTS (KOHA)
Suppress in OPAC 0
Holdings
Withdrawn status Lost status Source of classification or shelving scheme Damaged status Not for loan Home library Current library Shelving location Date acquired Total Checkouts Full call number Barcode Date last seen Copy number Price effective from Koha item type
    Dewey Decimal Classification     London London Journal article 07/06/2000   ABS62319 106346-1001 06/08/2019 1 06/08/2019 Journal article